| 000 | 00700nam a2200253Ia 4500 | ||
|---|---|---|---|
| 003 | OSt | ||
| 005 | 20220918222522.0 | ||
| 006 | a|||||r|||| 00| 0 | ||
| 007 | ta | ||
| 008 | 220917b |||||||| |||| 00| 0 eng d | ||
| 024 | _a217,191 | ||
| 037 | _cTextual | ||
| 040 |
_aARTS _cARTS _beng |
||
| 041 |
_2eng _aeng |
||
| 082 | _aW:58(Z), P2 | ||
| 100 |
_aClayton Matthew Ed. _9143392 |
||
| 245 | 0 | _aIdeal of equality | |
| 260 |
_aNew York _bPalgrave Macmillan _c2002 |
||
| 300 |
_aix, 230p _ccm. |
||
| 650 | _aPOLITICAL SCIENCE | ||
| 700 |
_a Williams Andrew Ed. _9143393 |
||
| 942 |
_hW:58(Z), P2 _cTEXL _2CC |
||
| 999 |
_c275790 _d275790 |
||